=LDR 00000nam 2200000 4500 =001 INLIS000000000022631 =005 20190404031838 =035 ##$$a 0010-061300000022631 =008 190404###########################0#ind## =041 ##$$a Ind =082 ##$$a 658.403 =090 ##$$a 658.403, Sya-p =100 ##$$a Syamsi, Ibnu S.U =245 1#$$a Pengambilan keputusan dan sistem informasi, /$c Drs. Ibnu Syamsi, S.U =260 ##$$a Jakarta :$b Bumi Aksara,$c 1995 =300 ##$$a ix, 212 hlm., : $b ilus, ; $c 21 cm =650 ##$$a Pengambilan keputusan-manajemen =850 ##$$a NBPNMAT =020 ##$$a 979-526-225-4 =084 ##$$a 658.403 SYA p =990 ##$$a 20606741 =990 ##$$a pengambilan keputusan dan sistem informasi =990 ##$$a 0001/BPAP-NTB/20142015 =990 ##$$a 0001/BPAP-NTB/2015 =990 ##$$a 01201807669 =990 ##$$a 20606741 =990 ##$$a 20606741 =990 ##$$a pengambilan keputusan dan sistem informasi =990 ##$$a 0001/BPAP-NTB/20142015 =990 ##$$a 0001/BPAP-NTB/2015